Automobiles that begin with L - Statistics

General Stats
  • This quiz has been taken 19 times
  • The average score is 8 of 27
Answer Stats
Manufacturer Type Answer % Correct
Ferrari Sports car LaFerrari
59%
Mitsubishi Compact car Lancer
59%
Lexus Full-size luxury car LS
59%
Renault Large family car Laguna
53%
Chrysler Mid-size car LeBaron
47%
Lexus Sports car LFA
47%
Lexus Full-size SUV LX
47%
Buick Mid-size car LaCrosse
35%
Toyota Full-size SUV Land Cruiser
35%
Nissan Compact car Leaf
35%
Buick Full-size car LeSabre
35%
Acura Mid-size luxury car Legend
29%
Maserati Mid-size luxury crossover Levante
29%
Jeep Compact SUV Liberty
29%
Lexus Luxury minivan LM
29%
Pontiac Various LeMans
24%
Saturn Mid-size L-series
24%
Ford Full-size car LTD
24%
Plymouth Sports car Laser
18%
Dacia Compact MPV Lodgy
12%
Lada Compact MPV Largus
6%
Chrysler Full-size luxury car LHS
6%
Citroën City car LNA
6%
Chevrolet Mid-size car Lumina
6%
Lancia Compact executive car Lybra
6%
Daihatsu Minivan Luxio
0%
Cadillac Mid-size luxury crossover Lyriq
0%
No matching quizzes found
Score Distribution
Percent of People with Each Score
Percentile by Number Answered
Your Score History
You have not taken this quiz